Η μπαλάντα της ζήλιας

Αποθηκεύτηκε σε:
Λεπτομέρειες βιβλιογραφικής εγγραφής
Κύριος συγγραφέας: Βαμβουνάκη, Μάρω, 1948-
Μορφή: Βιβλίο
Γλώσσα:Greek
Δημοσίευση: Αθήνα : Ψυχογιός, 2010.
Θέματα:
Ετικέτες: Προσθήκη ετικέτας
Δεν υπάρχουν, Καταχωρήστε ετικέτα πρώτοι!

MARC

LEADER 00000cam a2200000 a 4500
001 1/120543
008 191216r2016####gr | ||| |||| ||gre||
020 |a 9789604538256 
040 |a GR-MyUa  |b gre  |c GR-MyUa  |e AACR2 
041 0 |a gre 
082 7 |a 152.4   |2 (23) 
100 1 |a Βαμβουνάκη, Μάρω,   |d 1948- 
245 1 0 |a Η μπαλάντα της ζήλιας /   |c Μάρω Βαμβουνάκη.  
260 |a Αθήνα :   |b Ψυχογιός,   |c 2010.  
300 |a 204 σ. ;   |c 21 εκ.  
650 0 |a Psychotherapy. 
650 0 |a Psychology and life. 
650 0 |a Emotions and cognition. 
650 0 |a Emotional maturity. 
650 0 |a Interpersonal relations. 
852 |a INST  |b SAMOS  |e 20191216  |h 152.4 ΒΑΜ  |p 005300046220  |q 005300046220  |t BK  |y 0 
920 |a Τραγάκη  |b Ζαφειρούλα  |y Σάμος  |z 2019-04 
970 |a Γουβάλα  |b Βάσω  |z 16-11-2019